Statistiques concernant Discographie de Hugo TSR

Cliquez ici pour prendre le quiz!

Statistiques générales

  • Ce quiz a été pris 40 fois
  • Le résultat moyen est 28 sur 84

Statistiques - réponses

CTAnswer% Correct
Fenêtre Sur Rue
93%
Jeudi
89%
Tant qu'on est là
78%
Là-haut
74%
Les vieux de mon âge
67%
Rei
67%
Intro
63%
Intro
63%
La bombe
63%
Périmètre
63%
Old Boy
59%
Senseï
59%
Interlude
56%
Interlude
56%
Interlude
56%
Interlude
56%
Interlude
56%
Outro
56%
Alors Dites Pas
52%
Gare fantôme
52%
Iceberg
52%
La cage
52%
Valises
52%
Cockpit
48%
Coma Artificiel
48%
Point Final
48%
2 Minutes Pour Conclure
44%
2 Minutes Pour Convaincre
44%
Les Rails
44%
Mise à l'amende
44%
Point De Départ
44%
Ugotrip
44%
2222 (Interlude)
41%
La Ligne Verte
41%
Objectif Lune
41%
Oubliettes
41%
Couleur miroir
37%
Dégradation
37%
Exercice
37%
Les mains devant les yeux
37%
Tourbillon
37%
Eldorado
33%
Génération Shit Et Grecs Frites
33%
Pauvre roi
33%
Plaisirs tristes
33%
Piège à loup
30%
A la nôtre
26%
Dojo
26%
Coloc à terre
22%
Des voix résonnent
22%
En marge
22%
J'pisse dans la soupe
22%
L'étendard brûle
22%
Cendrier Plein et Stylo Vide
19%
Intact
19%
Jamais Au Point Mort
19%
Le Cul Fermé Et Les Oreilles Ouvertes
19%
Pas D'paradis
19%
Autour de moi
15%
Coeur brave
15%
Criminels au mic
15%
Un Pavé Dans La Marre
15%
Freestyle D'attente
11%
J'veux pas grandir
11%
Sélection Naturelle
11%
Fair Play Prod
7%
Faut Pas S'en Faire
7%
Intro Expérimentale
7%
Je Suis Pas D'humeur
7%
Jungle Urbaine
7%
Le Cœur Y Est
7%
L'effet Boule de Nerfs
7%
Les 7 Péchés
7%
L'habitude De La Biture
7%
Maniement Du Mic
7%
Mots de tête
7%
On Paiera Pas Pour Pera
7%
Pas Le Temps D'attendre
7%
Pays De Mon Enfance
7%
Punchliners
7%
Qui Sera Sur Le Trône ?
7%
Tu croyais quoi?
7%
Un saut dans le vice
7%
Tu Crois Savoir
0%

Distribution des résultats

Percentile par nombre de réponses

% des personnes avec chaque résultat

Votre développement - résultats

Vous n’avez pas pris ce quiz